| 000 | 01128nam a22002537a 4500 | ||
|---|---|---|---|
| 003 | OSt | ||
| 005 | 20250918165846.0 | ||
| 008 | 240401b ||||| |||| 00| 0 eng d | ||
| 040 | _c0 | ||
| 082 | _aDPer 621.381 In821 September 2022 v. 37 n. 9 | ||
| 100 |
_aHang, Jun. _eauthor. _955615 |
||
| 245 |
_aA voltage-distortion-based method for robust detection and location of interturn fault in permanent magnet synchronous machine / _cJun Hang, Qitao Hu, Wushuang Sun, Xixi Ren, Shichuan Ding, Yourui Huang, and Wei Hua. |
||
| 260 |
_aNew York ; _bThe Institute of Electrical and Electronics Engineers, Inc. , _cSeptember 2022. |
||
| 300 |
_aVolume 37, pages 11174-11186 : _billustration ; _c28 cm. |
||
| 500 | _aIEEE Transitions on Power Electronics, v. 37 n. 9, pages 11174-11186, September 2022. | ||
| 700 |
_aHang, Jun. _eauthor. _955615 |
||
| 700 |
_aHu, Qitao. _eauthor. _955616 |
||
| 700 |
_aSun, Wushuang. _eauthor. _955617 |
||
| 700 |
_aRen, Xixi. _eauthor. _955618 |
||
| 700 |
_aDing, Shichuan. _eauthor. _955619 |
||
| 700 |
_aHuang, Yourui. _eauthor. _955620 |
||
| 700 |
_aHua, Wei. _eauthor. _955621 |
||
| 942 |
_2ddc _cPER |
||
| 999 |
_c19917 _d19917 |
||